Especies de caprinos - Estadísticas

Estadísticas generales
  • Esta prueba ha sido intentada 11 veces
  • La puntuación promedio es 17 de 45
Estadísticas de respuestas
Género Especie Nombre % Correcto
Oreamnos Americanus Cabra blanca o de las Rocosas
100%
Jemlahicus Cabra del Himalaya
100%
Hircus Cabra doméstica
100%
Hemitragus Hylocrius Cabra montés del Nilgiri
100%
Capra Aegagrus Cabra salvaje
100%
Ammotragus Lervia Arruí/Muflón del Atlas
55%
Rupicapra Pyrenaica Rebeco pirenaico/Sarrio
55%
Orientalis Muflón
45%
Dalli Muflón de Dall
45%
Orientalis Isphahanica Muflón de Esfahan
45%
Orientalis Laristanica Muflón de Laristán
45%
Nivicola Oveja de las nieves
45%
Orientalis Aries Oveja doméstica
45%
Rupicapra Rebeco/Gamuza
45%
Canadensis Carnero de las Rocosas
36%
Ibex Íbice alpino
36%
Walie Íbice de Etiopía
36%
Pyrenaica Íbice ibérico
36%
Nubiana Íbice nubio
36%
Sibirica Íbice siberiano
36%
Caudatus Goral de cola larga
27%
Goral Goral del Himalaya
27%
Griseus Goral gris o chino
27%
Naemorhedus Baileyi Goral rojo
27%
Falconeri Marjor
27%
Orientalis Orientalis Muflón asiático
27%
Milneedwardsii Serau chino
27%
Sumatraensis Serau común
27%
Swinhoei Serau de Formosa
27%
Thar Serau del Himalaya
27%
Capricornis Crispus Serau japonés
27%
Rubidus Serau rojo
27%
Budorcas Taxicolor Takín
27%
Caucasica Tur del Cáucaso occidental
27%
Cylindricornis Tur del Cáucaso oriental
27%
Ovibos Moschatus Buey almizclero
18%
Jayakari Tar árabe
18%
Ovis Ammon Argalí
9%
Pseudois Nayaur Baral
9%
Schaeferi Baral enano
9%
Orientalis Ophion Muflón de Chipre
9%
Orientalis Musimon Muflón europeo
9%
Orientalis Cycloceros Urial afgano
9%
Orientalis Vignei Urial de Ladhk
9%
Orientalis Arkal Urial transcapiano
9%
No se encontraron pruebas coincidentes
Distribución de puntuación
Porcentaje de gente con cada puntuación
Porcentaje por número respondido
Historial de tus puntuaciones
No has intentado esta prueba.